Desarrollo de competencias matemáticas con recursos lúdico manipulativos: para niños y niñas de 6 a 12 años
Saved in:
| Hovedforfatter: | |
|---|---|
| Format: | Bog |
| Sprog: | spansk |
| Udgivet: |
Madrid
Narcea
2004
|
| Fag: | |
| Tags: |
Tilføj Tag
Ingen Tags, Vær først til at tagge denne postø!
|
MARC
| LEADER | 00000cam a2200000 a 4500 | ||
|---|---|---|---|
| 001 | UCI2926 | ||
| 003 | CL-VaPUC | ||
| 008 | 070928e20040000SP |||||||||||||||||spa|d | ||
| 020 | |a 842771453X | ||
| 082 | 0 | 4 | |a 372.7 |b ALS |2 21 |
| 100 | 0 | |a Alsina i Pastells, Angel |e author |9 524188 | |
| 245 | 1 | 0 | |a Desarrollo de competencias matemáticas con recursos lúdico manipulativos: para niños y niñas de 6 a 12 años |
| 300 | |a 156 p | ||
| 942 | |c BK | ||
| 945 | |d 20070928 00:00:00 |a jtorresc | ||
| 260 | |a Madrid |b Narcea |c 2004 | ||
| 650 | 0 | |a Matemáticas |x Enseñanza |9 875527 | |
| 650 | 0 | |a Educación básica |9 224933 | |
| 650 | 0 | |a Métodos de enseñanza |9 270413 | |
| 650 | 7 | |a MATERIAL DIDACTICO |2 CL-VaPUC |9 524190 | |
| 650 | 0 | |a Autoaprendizaje |9 429105 | |
| 650 | 7 | |a JUEGOS DIDACTICOS |2 CL-VaPUC |9 372975 | |
| 583 | |a last modification |c 20180828 02:56:04 |k Rodrigo Vera | ||
| 999 | |c 327336 |d 327334 | ||
| 952 | |0 0 |1 0 |4 0 |6 372_700000000000000_ALS_2004 |7 0 |8 A |9 410048 |a BIBEDU |b BIBEDU |d 2019-11-22 |i 4372352 |o 372.7 ALS 2004 |p 4372352 |r 2019-11-22 |w 2019-11-22 |y BK |k EBA | ||
| 952 | |0 0 |1 0 |4 0 |6 372_700000000000000_ALS_2004 |7 0 |8 A |9 410049 |a BIBEDU |b BIBEDU |d 2019-11-22 |i 4481070 |o 372.7 ALS 2004 |p 4481070 |r 2019-11-22 |w 2019-11-22 |y BK |k EPE | ||